Once Upon a Time Characters - Statistics

General Stats
  • This quiz has been taken 378 times
  • The average score is 11 of 15
Answer Stats
Hint Answer % Correct
The Saviour Emma Swan
99%
The Saviour's father Prince Charming
99%
Birthed the Saviour Snow White
97%
Biological son of the above Henry
94%
Who enacted the Dark Curse The Evil Queen
91%
The half-sister of the above Wicked Witch
90%
Sails with the Jolly Roger Captain Hook
88%
Created the Dark Curse Rumplestiltskin
80%
Ran the ice cream shop Ingrid
78%
Rides a motocycle August
69%
Owns a dalmatian Archie Hopper
65%
Married to the pawn shop owner Belle
60%
Travels to a land without magic Balefire
57%
Says "Love is weakness" Cora Mills
42%
The Saviour brought her back to Storybrook Marian
36%
No matching quizzes found
Score Distribution
Percent of People with Each Score
Percentile by Number Answered
Your Score History
You have not taken this quiz